000 00645cab a2200205 4500
001 WB3318-10
008 090401t1997 xxu||||| |||| 00| 0 eng d
035 _a(Sirsi) u78270
041 _aeng
245 _aCentre of savings
260 _c1997
350 _a0
490 _aFinancial Times
_v9 May 1997, 12(2)
520 _aShort-term office requirements are well served by serviced business centres and are a good alternative to mannging the process of finding suitable property.
650 _aSERVICED BUSINESS CENTRES
650 _aSERVICED OFFICES
690 _aCOMMERCIAL PROPERTY-MANAGEMENT
942 _n0
948 _c09/05/1997
999 _c49264
_d49264